Iran's Intellectual Revolution / (Record no. 11553)
[ view plain ]
| 000 -LEADER | |
|---|---|
| fixed length control field | 01931cam a2200397 a 4500 |
| 001 - CONTROL NUMBER | |
| control field | 15306457 |
| 005 - DATE AND TIME OF LATEST TRANSACTION | |
| control field | 20081202093144.0 |
| 008 - FIXED-LENGTH DATA ELEMENTS--GENERAL INFORMATION | |
| fixed length control field | 080527s2008 enk b 001 0 eng |
| 010 ## - LIBRARY OF CONGRESS CONTROL NUMBER | |
| LC control number | 2008023228 |
| 020 ## - INTERNATIONAL STANDARD BOOK NUMBER | |
| International Standard Book Number | 9780521897990 (hbk.) |
| 020 ## - INTERNATIONAL STANDARD BOOK NUMBER | |
| International Standard Book Number | 0521897998 (hbk.) |
| 020 ## - INTERNATIONAL STANDARD BOOK NUMBER | |
| International Standard Book Number | 9780521725187 (pbk.) |
| 020 ## - INTERNATIONAL STANDARD BOOK NUMBER | |
| International Standard Book Number | 0521725186 (pbk.) |
| 035 ## - SYSTEM CONTROL NUMBER | |
| System control number | (OCoLC)ocn227031827 |
| 035 ## - SYSTEM CONTROL NUMBER | |
| System control number | (OCoLC)227031827 |
| 040 ## - CATALOGING SOURCE | |
| Original cataloging agency | DLC |
| Transcribing agency | DLC |
| Modifying agency | BTCTA |
| -- | BAKER |
| -- | YDXCP |
| -- | BWKUK |
| -- | BWK |
| -- | VA@ |
| -- | BWX |
| -- | CDX |
| -- | DLC |
| 043 ## - GEOGRAPHIC AREA CODE | |
| Geographic area code | a-ir--- |
| 050 00 - LIBRARY OF CONGRESS CALL NUMBER | |
| Classification number | DS266 |
| Item number | .K35 2008 |
| 082 00 - DEWEY DECIMAL CLASSIFICATION NUMBER | |
| Classification number | 305.5520955 |
| Edition number | 22 |
| Item number | KAM |
| 100 1# - MAIN ENTRY--PERSONAL NAME | |
| Personal name | Kamrava, Mehran, |
| Dates associated with a name | 1964- |
| 9 (RLIN) | 4826 |
| 245 10 - TITLE STATEMENT | |
| Title | Iran's Intellectual Revolution / |
| Statement of responsibility, etc | Mehran Kamrava. |
| 260 ## - PUBLICATION, DISTRIBUTION, ETC. (IMPRINT) | |
| Place of publication, distribution, etc | Cambridge, UK ; |
| -- | New York : |
| Name of publisher, distributor, etc | Cambridge University Press, |
| Date of publication, distribution, etc | c2008. |
| 300 ## - PHYSICAL DESCRIPTION | |
| Extent | xi, 267 p. ; |
| Dimensions | 24 cm. |
| 440 #0 - | |
| -- | Cambridge Middle East studies ; |
| -- | 29 |
| -- | 4827 |
| 504 ## - BIBLIOGRAPHY, ETC. NOTE | |
| Bibliography, etc | Includes bibliographical references (p. 227-261) and index. |
| 505 0# - FORMATTED CONTENTS NOTE | |
| Formatted contents note | List of tables -- Acknowledgments -- Introduction -- Emerging Iranian discourses -- Theorizing about the world -- The conservative religious discourse -- The reformist religious discourse -- The secular-modernist discourse -- Iran's silent revolution. |
| 650 #0 - SUBJECT ADDED ENTRY--TOPICAL TERM | |
| Topical term or geographic name as entry element | Islam and state |
| Geographic subdivision | Iran |
| General subdivision | History |
| Chronological subdivision | 20th century. |
| 9 (RLIN) | 4828 |
| 650 #0 - SUBJECT ADDED ENTRY--TOPICAL TERM | |
| Topical term or geographic name as entry element | Islam and state |
| Geographic subdivision | Iran |
| General subdivision | History |
| Chronological subdivision | 21st century. |
| 9 (RLIN) | 4829 |
| 651 #0 - SUBJECT ADDED ENTRY--GEOGRAPHIC NAME | |
| Geographic name | Iran |
| General subdivision | Intellectual life |
| Chronological subdivision | 20th century. |
| 9 (RLIN) | 4830 |
| 651 #0 - SUBJECT ADDED ENTRY--GEOGRAPHIC NAME | |
| Geographic name | Iran |
| General subdivision | Intellectual life |
| Chronological subdivision | 21st century. |
| 9 (RLIN) | 4831 |
| 651 #0 - SUBJECT ADDED ENTRY--GEOGRAPHIC NAME | |
| Geographic name | Iran |
| General subdivision | History |
| Chronological subdivision | 1979-1997. |
| 9 (RLIN) | 4832 |
| 651 #0 - SUBJECT ADDED ENTRY--GEOGRAPHIC NAME | |
| Geographic name | Iran |
| General subdivision | History |
| Chronological subdivision | 1997- |
| 9 (RLIN) | 4833 |
| 942 ## - ADDED ENTRY ELEMENTS (KOHA) | |
| Source of classification or shelving scheme | Dewey Decimal Classification |
| Item type | Book - Borrowing |
| Withdrawn status | Item status | Source of classification or shelving scheme | Damaged status | Not for loan | Vendor | Home library | Current library | Shelving location | Date acquired | Source of acquisition | Cost, normal purchase price | Serial Enumeration / chronology | Total Checkouts | Total Renewals | Full call number | Barcode | Date last seen | Date last borrowed | Koha item type |
|---|---|---|---|---|---|---|---|---|---|---|---|---|---|---|---|---|---|---|---|
| Dewey Decimal Classification | Alahram | Central Library | Central Library | First floor | 19/05/2009 | 206.00 | 367 | 7 | 22 | 305.5520955 KAM | 000016302 | 15/07/2025 | 30/11/2014 | Book - Borrowing |